Sporty, w których Polacy odnoszą sukcesy. - Statystyki

Ogólne statystyki
  • Ten quiz został rozwiązany 214 razy
    191 od ostatniego zresetowania
  • Średni wynik to 11 z 17
Statystyki odpowiedzi
Przedstawiciel Dyscyplina Sportu % Poprawnych
Iga Świątek Tenis
94%
Robert Kubica Formuła 1
90%
Adam Małysz Skoki narciarskie
88%
Marcin Gortat Koszykówka
82%
Anita Włodarczyk Lekkoatletyka
82%
Marcin Najman Kick boxing
79%
Bartosz Zmarzlik Żużel
78%
Aleksander Śliwka Siatkówka
72%
Justyna Kowalczyk Biegi narciarskie
68%
Otylia Jędrzejczak Pływanie
67%
Michał Kwiatkowski Kolarstwo
63%
Zbigniew Bródka Łyżwiarstwo szybkie
55%
Kajetan Kajetanowicz WRC
45%
Szymon Sićko Piłka ręczna
35%
Andrzej Grubba Tenis stołowy
28%
Waldemar Baszanowski Podnoszenie ciężarów
23%
Mateusz Rudyk Kolarstwo torowe
22%
Nie znaleziono quizów pasujących do podanych kryteriów
Rozkład punktacji
Procent ludzi z każdym wynikiem
Percentyl według liczby udzielonych odpowiedzi
Twoja historia wyników
Nie rozwiązałeś tego quizu od ostatniego zresetowania